[Event "WchT (Women) Pool-A"]
[Site "Bydgoszcz"]
[Date "2023.09.07"]
[Round "4.1"]
[White "Daulyte Cornette, Deimante"]
[Black "Wafa, Shrook"]
[Result "1-0"]
[WhiteElo "2360"]
[BlackElo "2111"]
[PlyCount "59"]
[EventDate "2023.09.06"]
[EventType "team (rapid)"]
[EventRounds "5"]
[EventCountry "POL"]
[SourceTitle "EXT 2024"]
[Source "ChessBase"]
[SourceDate "2023.10.10"]
[SourceVersion "1"]
[SourceVersionDate "2023.10.10"]
[SourceQuality "1"]
[WhiteTeam "France (W)"]
[BlackTeam "Egypt (W)"]
[WhiteTeamCountry "FRA"]
[BlackTeamCountry "EGY"]

1. e4 c5 2. Nc3 Nc6 3. Nf3 g6 4. Bb5 Bg7 5. 0-0 d6 6. e5 dxe5 7. Bxc6+ bxc6 8. Re1 Nf6 9. Nxe5 0-0 10. Nxc6 Qc7 11. Nxe7+ Kh8 12. Nxc8 Raxc8 13. d3 h5 14. h3 Rcd8 15. Qf3 c4 16. Bg5 Qb6 17. Ne4 Nxe4 18. Bxd8 Rxd8 19. dxe4 Rd2 20. e5 Kg8 21. Rad1 Rxd1 22. Qxd1 Qxb2 23. e6 fxe6 24. Rxe6 Kh7 25. Qe2 Qxa2 26. Qe4 Qa1+ 27. Kh2 Bf6 28. Qb7+ Kh6 29. Qf7 Kg5 30. f4+ 1-0

[Event "WchT (Women) Pool-A"]
[Site "Bydgoszcz"]
[Date "2023.09.06"]
[Round "2.2"]
[White "Wafa, Shrook"]
[Black "Gaponenko, Inna"]
[Result "1/2-1/2"]
[WhiteElo "2111"]
[BlackElo "2332"]
[PlyCount "141"]
[EventDate "2023.09.06"]
[EventType "team (rapid)"]
[EventRounds "5"]
[EventCountry "POL"]
[SourceTitle "EXT 2024"]
[Source "ChessBase"]
[SourceDate "2023.10.10"]
[SourceVersion "1"]
[SourceVersionDate "2023.10.10"]
[SourceQuality "1"]
[WhiteTeam "Egypt (W)"]
[BlackTeam "Ukraine (W)"]
[WhiteTeamCountry "EGY"]
[BlackTeamCountry "UKR"]

1. e4 d6 2. d4 Nf6 3. Nc3 g6 4. Nf3 Bg7 5. Bc4 0-0 6. Bb3 Nc6 7. h3 Na5 8. Be3 Nxb3 9. axb3 c6 10. Qd2 b5 11. b4 a5 12. 0-0 Bb7 13. bxa5 Rxa5 14. e5 Ne8 15. Ne4 Rxa1 16. Rxa1 c5 17. d5 Nc7 18. exd6 exd6 19. Bg5 f6 20. Bf4 Bxd5 21. Nxd6 Ba8 22. Qe3 Kh8 23. Rd1 Nd5 24. Qe6 Qe7 25. Qxe7 Nxe7 26. Nxb5 Bxf3 27. gxf3 Nf5 28. Bg3 Kg8 29. Nc7 Nd4 30. c3 Nxf3+ 31. Kg2 Ne5 32. Ne6 Rb8 33. Bxe5 fxe5 34. Rd7 Bf6 35. Nxc5 Rxb2 36. Ne4 Rb6 37. c4 h6 38. c5 Rc6 39. Kf3 Kf8 40. Ke3 Be7 41. Rd5 Bf6 42. Nxf6 Rxf6 43. Rxe5 g5 44. Re4 Kf7 45. Rc4 Ke7 46. Ra4 Kd7 47. Ra7+ Kc8 48. Rh7 Kd8 49. Kd4 Kc8 50. Ke5 Rc6 51. Kd5 Rf6 52. Kc4 Rxf2 53. Rxh6 Kc7 54. Kd5 Rd2+ 55. Ke4 Rc2 56. Kd4 Rc1 57. Rh5 Rg1 58. Kd5 Rd1+ 59. Ke4 Rg1 60. Kf5 Rg3 61. Rh6 Rg1 62. Ke5 Rc1 63. Kd4 Rd1+ 64. Ke3 Rc1 65. Kf3 Rxc5 66. Kg4 Kd7 67. Rh5 Ke7 68. h4 Rc4+ 69. Kxg5 Rc5+ 70. Kg6 Rxh5 71. Kxh5 1/2-1/2

[Event "Titled Tuesday intern op 29th Aug Late"]
[Site "Chess.com INT"]
[Date "2023.08.29"]
[Round "7"]
[White "Petersson, Kjell"]
[Black "Wafa, Shrook"]
[Result "0-1"]
[WhiteElo "2040"]
[BlackElo "2111"]
[PlyCount "74"]
[EventDate "2023.08.29"]
[EventType "swiss (blitz)"]
[EventRounds "11"]
[EventCountry "USA"]
[SourceTitle "EXT 2024"]
[Source "ChessBase"]
[SourceDate "2023.10.10"]
[SourceVersion "1"]
[SourceVersionDate "2023.10.10"]
[SourceQuality "1"]

1. d4 d5 2. Bf4 Nf6 3. e3 Bf5 4. Bd3 Bxd3 5. Qxd3 e6 6. Qb5+ Nbd7 7. Qxb7 Bd6 8. Bxd6 cxd6 9. Qa6 0-0 10. Ne2 Rb8 11. b3 Qc7 12. c3 Rb6 13. Qa3 e5 14. 0-0 e4 15. Nd2 Rc6 16. c4 dxc4 17. bxc4 d5 18. c5 Ng4 19. Ng3 Rh6 20. h3 Nxf2 21. Kxf2 Rf6+ 22. Kg1 Qxg3 23. Rxf6 Nxf6 24. Nf1 Qc7 25. Rb1 h5 26. Qb4 h4 27. Qb7 Qa5 28. c6 Ne8 29. Rb2 Nd6 30. Qd7 Nc4 31. Rb7 Qe1 32. Rb3 Nd2 33. Qf5 Nxb3 34. axb3 Qa5 35. Qd7 Qb6 36. c7 Qe6 37. Qb5 Rc8 0-1

[Event "Titled Tuesday intern op 29th Aug Late"]
[Site "Chess.com INT"]
[Date "2023.08.29"]
[Round "6"]
[White "Wafa, Shrook"]
[Black "Tologontegin, Semetey"]
[Result "0-1"]
[WhiteElo "2111"]
[BlackElo "2368"]
[PlyCount "142"]
[EventDate "2023.08.29"]
[EventType "swiss (blitz)"]
[EventRounds "11"]
[EventCountry "USA"]
[SourceTitle "EXT 2024"]
[Source "ChessBase"]
[SourceDate "2023.10.10"]
[SourceVersion "1"]
[SourceVersionDate "2023.10.10"]
[SourceQuality "1"]

1. e4 e5 2. Nf3 Nc6 3. Bb5 a6 4. Ba4 Nf6 5. d4 exd4 6. 0-0 Be7 7. Re1 0-0 8. e5 Nd5 9. Bb3 Nb6 10. Nxd4 Na5 11. Nf5 Nxb3 12. axb3 d5 13. exd6 Bxd6 14. Nxd6 cxd6 15. Bf4 d5 16. Nc3 Be6 17. Qd4 Nc8 18. Rad1 Ne7 19. Bg5 Nc6 20. Bxd8 Nxd4 21. Rxd4 Rfxd8 22. Red1 Rac8 23. h3 Kf8 24. R1d2 b5 25. b4 Rc4 26. Ne2 Rxd4 27. Rxd4 Rc8 28. c3 Ke7 29. Nf4 Kd6 30. Kf1 Rc4 31. Ne2 Bf5 32. Ke1 Rxd4 33. Nxd4 Be4 34. g3 g5 35. Nb3 Kc6 36. Nc5 a5 37. Nxe4 dxe4 38. bxa5 f5 39. Ke2 f4 40. h4 h6 41. hxg5 hxg5 42. gxf4 gxf4 43. b4 Kd5 44. Kd2 Kc6 45. Ke1 Kd5 46. Kf1 Kc6 47. Kg2 Kd5 48. Kh3 Kc4 49. a6 e3 50. fxe3 fxe3 51. Kg2 Kxc3 52. a7 e2 53. a8Q e1Q 54. Qf3+ Kxb4 55. Qf8+ Ka4 56. Qa8+ Kb3 57. Qf3+ Qc3 58. Qd5+ Qc4 59. Qf3+ Ka4 60. Qa8+ Kb4 61. Qf8+ Qc5 62. Qf4+ Qc4 63. Qd6+ Kb3 64. Qg3+ Kb2 65. Qe5+ Ka2 66. Kf2 b4 67. Ke1 Qc3+ 68. Qxc3 bxc3 69. Kd1 Kb1 70. Ke2 c2 71. Ke3 c1Q+ 0-1

[Event "Titled Tuesday intern op 15th Aug Late"]
[Site "Chess.com INT"]
[Date "2023.08.15"]
[Round "2"]
[White "Wafa, Shrook"]
[Black "Varela la Madrid, Maria"]
[Result "1-0"]
[WhiteElo "2111"]
[BlackElo "1968"]
[PlyCount "53"]
[EventDate "2023.08.15"]
[EventType "swiss (blitz)"]
[EventRounds "11"]
[EventCountry "USA"]
[SourceTitle "EXT 2024"]
[Source "ChessBase"]
[SourceDate "2023.10.10"]
[SourceVersion "1"]
[SourceVersionDate "2023.10.10"]
[SourceQuality "1"]

1. e4 c6 2. d4 d5 3. f3 dxe4 4. fxe4 e5 5. Nf3 exd4 6. Bc4 Nf6 7. 0-0 Bc5 8. Bg5 h6 9. Bh4 g5 10. Bf2 Bg4 11. e5 Nd5 12. Bxd4 Qb6 13. Bxc5 Qxc5+ 14. Qd4 Nd7 15. Qxc5 Nxc5 16. Nbd2 Nf4 17. b4 Nce6 18. Ne4 Ke7 19. Bxe6 Bxe6 20. Nc5 b6 21. Nxe6 fxe6 22. Nd4 Rac8 23. g3 Ng6 24. Rf6 Nf8 25. Raf1 c5 26. Rf7+ Ke8 27. Nb5 1-0

[Event "Africa-ch (Women)"]
[Site "Giza"]
[Date "2023.05.08"]
[Round "4"]
[White "Adel, Sara"]
[Black "Wafa, Shrook"]
[Result "1-0"]
[WhiteElo "1739"]
[BlackElo "2138"]
[PlyCount "89"]
[EventDate "2023.05.06"]
[EventType "swiss"]
[EventRounds "9"]
[EventCountry "EGY"]
[SourceTitle "CBM 214 Extra"]
[Source "ChessBase"]
[SourceDate "2023.07.31"]
[SourceVersion "1"]
[SourceVersionDate "2023.07.31"]
[SourceQuality "1"]

1. e4 c5 2. Nf3 d6 3. d4 cxd4 4. Nxd4 Nf6 5. Nc3 a6 6. f3 Nc6 7. Be3 e5 8. Nb3 Be7 9. Qd2 Be6 10. Nd5 Bxd5 11. exd5 Nb8 12. g4 Nbd7 13. g5 Nh5 14. Rg1 0-0 15. Bh3 g6 16. Bg4 Ng7 17. h4 f5 18. gxf6 Nxf6 19. 0-0-0 Nxg4 20. fxg4 Bxh4 21. Rh1 Rf3 22. Bh6 g5 23. Qa5 b6 24. Qa4 b5 25. Qa5 Qxa5 26. Nxa5 Raf8 27. Nc6 R8f7 28. Bxg7 Kxg7 29. Nd8 R7f6 30. Ne6+ Kg6 31. Nc7 R6f4 32. Ne8 Rxg4 33. Nxd6 Rf2 34. Kb1 Rd4 35. Nb7 Rfd2 36. Rxd2 Rxd2 37. d6 g4 38. c4 Bf2 39. c5 g3 40. Rc1 Bd4 41. Re1 Rxb2+ 42. Kc1 Rxa2 43. d7 Ra1+ 44. Kd2 Rxe1 45. d8Q 1-0

[Event "Olympiad Women-44"]
[Site "Chennai"]
[Date "2022.08.05"]
[Round "7.1"]
[White "Wafa, Shrook"]
[Black "Heredia Serrano, Carla Sofia"]
[Result "0-1"]
[WhiteElo "2141"]
[BlackElo "2090"]
[PlyCount "170"]
[EventDate "2022.07.29"]
[EventType "team-swiss"]
[EventRounds "11"]
[EventCountry "IND"]
[SourceTitle "CBM 210"]
[Source "ChessBase"]
[SourceDate "2022.10.31"]
[SourceVersion "1"]
[SourceVersionDate "2022.10.31"]
[SourceQuality "1"]
[WhiteTeam "Egypt (W)"]
[BlackTeam "Ecuador (W)"]
[WhiteTeamCountry "EGY"]
[BlackTeamCountry "ECU"]

1. e4 c6 2. d4 d5 3. Nc3 dxe4 4. Nxe4 Nf6 5. Nxf6+ exf6 6. Nf3 Bd6 7. Bd3 0-0 8. Be3 Re8 9. Qd2 Nd7 10. 0-0-0 b5 11. d5 c5 12. Bxb5 Rb8 13. Bd3 Nb6 14. c4 Qc7 15. Qc2 h6 16. h3 Bd7 17. Rhe1 Qb7 18. Bd2 Rec8 19. Re2 Na4 20. b3 Nb6 21. Nh4 Ra8 22. Bf5 a5 23. Bxd7 Qxd7 24. a4 Rcb8 25. Nf5 Nc8 26. Rde1 Nb6 27. Nxd6 Qxd6 28. g3 Nd7 29. Bf4 Ne5 30. Bxe5 fxe5 31. Rxe5 Qf6 32. R1e3 g6 33. f4 Rb4 34. Qe4 Kg7 35. Kc2 Rab8 36. Re7 Rxa4 37. Qe5 Ra2+ 38. Kc3 a4 39. bxa4 Ra3+ 40. Kc2 Ra2+ 41. Kd3 Rb3+ 42. Ke4 Rxe3+ 43. Kxe3 Ra3+ 44. Kd2 Rxa4 45. Kc3 Ra3+ 46. Kc2 Rxg3 47. d6 Rg2+ 48. Kd3 Rg1 49. d7 Rd1+ 50. Ke2 Rd4 51. h4 Rd6 52. Kf3 Rd3+ 53. Ke4 Rd4+ 54. Ke3 Rd1 55. Ke2 Rd6 56. Re8 Qxe5+ 57. Rxe5 Rxd7 58. Rxc5 Kf6 59. Ke3 Rd1 60. Rd5 Rxd5 61. cxd5 Ke7 62. Ke4 Kd6 63. Kd4 f6 64. Ke4 Kc5 65. d6 Kxd6 66. Kd4 Ke6 67. Ke4 Kd6 68. Kd4 Ke6 69. Ke4 Ke7 70. Ke3 Kd7 71. Kd3 Kc6 72. Kc4 h5 73. Kd4 Kd6 74. Ke4 Ke6 75. f5+ gxf5+ 76. Kf4 Ke7 77. Kxf5 Kf7 78. Ke4 Ke6 79. Kf4 f5 80. Kg5 Ke5 81. Kxh5 Kf6 82. Kh6 f4 83. h5 f3 84. Kh7 f2 85. h6 f1Q 0-1

[Event "Olympiad Women-44"]
[Site "Chennai"]
[Date "2022.08.01"]
[Round "4.1"]
[White "Wafa, Shrook"]
[Black "Chuemsakul, Sarocha"]
[Result "1/2-1/2"]
[WhiteElo "2141"]
[BlackElo "1684"]
[PlyCount "87"]
[EventDate "2022.07.29"]
[EventType "team-swiss"]
[EventRounds "11"]
[EventCountry "IND"]
[SourceTitle "CBM 210"]
[Source "ChessBase"]
[SourceDate "2022.10.31"]
[SourceVersion "1"]
[SourceVersionDate "2022.10.31"]
[SourceQuality "1"]
[WhiteTeam "Egypt (W)"]
[BlackTeam "Thailand (W)"]
[WhiteTeamCountry "EGY"]
[BlackTeamCountry "THA"]

1. e4 e5 2. Nf3 Nc6 3. Bb5 a6 4. Ba4 d6 5. 0-0 Bd7 6. c3 Nf6 7. Re1 g6 8. d4 b5 9. Bb3 Bg7 10. Nbd2 0-0 11. a4 exd4 12. cxd4 Nb4 13. e5 dxe5 14. dxe5 Nfd5 15. Ne4 Bg4 16. Bg5 Qd7 17. Nf6+ Bxf6 18. exf6 Qf5 19. Bh6 Rfe8 20. axb5 axb5 21. Rxa8 Rxa8 22. Qe2 Qd7 23. h3 Bxf3 24. Qxf3 c5 25. Bd2 Rd8 26. Bxb4 Nxb4 27. Re7 Qd3 28. Bxf7+ Kf8 29. Qxd3 Nxd3 30. b3 Rd6 31. Re6 Rxe6 32. Bxe6 Nf4 33. Bd7 b4 34. g4 g5 35. h4 h6 36. hxg5 hxg5 37. f3 Ne2+ 38. Kf2 Nd4 39. f4 gxf4 40. g5 Kf7 41. Bg4 Kg6 42. Bd7 Kf7 43. Bg4 Kg6 44. Bd7 1/2-1/2

[Event "Dublin Irish New Year IM"]
[Site "Dublin"]
[Date "2022.01.03"]
[Round "2"]
[White "Urh, Zala"]
[Black "Wafa, Shrook"]
[Result "1-0"]
[WhiteElo "2291"]
[BlackElo "2138"]
[PlyCount "87"]
[EventDate "2022.01.02"]
[EventType "tourn"]
[EventRounds "9"]
[EventCountry "IRL"]
[SourceTitle "EXT 2023"]
[Source "ChessBase"]
[SourceDate "2022.10.05"]
[SourceVersion "1"]
[SourceVersionDate "2022.10.05"]
[SourceQuality "1"]

1. d4 d5 2. Nf3 Nf6 3. c4 e6 4. Nc3 Nbd7 5. cxd5 exd5 6. Bf4 c6 7. e3 Be7 8. h3 0-0 9. Bd3 Re8 10. 0-0 Nf8 11. Qc2 Ng6 12. Bh2 Bd6 13. Bxd6 Qxd6 14. Rab1 Bd7 15. b4 Rac8 16. a4 b6 17. Rfc1 c5 18. bxc5 bxc5 19. Nb5 Bxb5 20. Bxb5 Nd7 21. Bxd7 Qxd7 22. dxc5 Ne7 23. Nd4 Nc6 24. Nb5 Re5 25. Nd6 Rc7 26. Rb2 a5 27. Rb6 g6 28. Rcb1 Nb4 29. Qc3 f6 30. Qd4 Kg7 31. Rb5 h5 32. Rd1 Qe6 33. Qd2 Nc6 34. Rdb1 Qg8 35. Rb7 Ree7 36. Rxc7 Rxc7 37. Rb6 Nb4 38. Qd4 Qe6 39. Nb5 Rc6 40. Rb7+ Kh6 41. Na7 Nc2 42. Qf4+ g5 43. Qb8 Kg6 44. Nxc6 1-0

[Event "FIDE World Cup (Women)"]
[Site "Krasnaya Polyana"]
[Date "2021.07.13"]
[Round "1.2"]
[White "Unuk, Laura"]
[Black "Wafa, Shrook"]
[Result "1-0"]
[WhiteElo "2407"]
[BlackElo "2182"]
[PlyCount "65"]
[EventDate "2021.07.12"]
[EventType "k.o."]
[EventRounds "7"]
[EventCountry "RUS"]
[SourceTitle "CBM 203"]
[Source "ChessBase"]
[SourceDate "2021.08.31"]
[SourceVersion "1"]
[SourceVersionDate "2021.08.31"]
[SourceQuality "1"]

1. d4 Nf6 2. c4 e6 3. Nf3 c5 4. d5 b5 5. e4 Nxe4 6. Bd3 Nf6 7. 0-0 bxc4 8. Bxc4 Ba6 9. Bxa6 Nxa6 10. Nc3 Nb4 11. Re1 Be7 12. d6 Bf8 13. a3 Nc6 14. Nb5 Rc8 15. Bf4 h6 16. Nc7+ Rxc7 17. dxc7 Qc8 18. Bd6 Be7 19. Rc1 0-0 20. Bxe7 Nxe7 21. Qd6 Nc6 22. Red1 Na5 23. Qxc5 Nb3 24. Qxa7 Nxc1 25. Rxc1 d5 26. b4 e5 27. Nxe5 Re8 28. Nc6 Kh7 29. h3 Ne4 30. Qb6 Qe6 31. Qd4 Nd6 32. b5 Nc4 33. Na7 1-0

[Event "World Corporate East A"]
[Site "Chess.com INT"]
[Date "2021.02.20"]
[Round "5.2"]
[White "Anisimov, Pavel"]
[Black "Wafa, Shrook"]
[Result "1-0"]
[WhiteElo "2527"]
[BlackElo "2182"]
[PlyCount "45"]
[EventDate "2021.02.19"]
[EventType "team (rapid)"]
[EventRounds "7"]
[EventCountry "USA"]
[SourceTitle "EXT 2022"]
[Source "ChessBase"]
[SourceDate "2021.10.06"]
[SourceVersion "1"]
[SourceVersionDate "2021.10.06"]
[SourceQuality "1"]
[WhiteTeam "Pulkovo RIVC"]
[BlackTeam "Amazon"]
[WhiteTeamCountry "RUS"]
[BlackTeamCountry "GER"]

1. e4 c5 2. Ne2 Nc6 3. g3 g6 4. Bg2 Bg7 5. c3 d6 6. d4 cxd4 7. cxd4 Nf6 8. 0-0 0-0 9. Nbc3 a6 10. h3 Bd7 11. Be3 Rc8 12. Rc1 Qa5 13. a3 b5 14. Qd2 b4 15. Nd5 Nxd5 16. exd5 Na7 17. axb4 Qb6 18. Rxc8 Rxc8 19. Rc1 Rxc1+ 20. Nxc1 Nb5 21. Nb3 Qc7 22. Na5 Qc4 23. Nxc4 1-0

[Event "Online Olym Div Top-C"]
[Site "Chess.com INT"]
[Date "2020.08.22"]
[Round "6.3"]
[White "Wafa, Shrook"]
[Black "Atalik, Ekaterina"]
[Result "1/2-1/2"]
[WhiteElo "2183"]
[BlackElo "2453"]
[PlyCount "121"]
[EventDate "2020.08.21"]
[EventType "team-tourn (rapid)"]
[EventRounds "9"]
[EventCountry "USA"]
[SourceTitle "CBM 198"]
[Source "ChessBase"]
[SourceDate "2020.10.31"]
[SourceVersion "1"]
[SourceVersionDate "2020.10.31"]
[SourceQuality "1"]
[WhiteTeam "Egypt"]
[BlackTeam "Turkey"]
[WhiteTeamCountry "EGY"]
[BlackTeamCountry "TUR"]

1. e4 e5 2. Nf3 Nc6 3. Bb5 a6 4. Ba4 Nf6 5. d4 exd4 6. 0-0 Be7 7. Re1 b5 8. e5 Nd5 9. Bb3 Nb6 10. c3 dxc3 11. Nxc3 0-0 12. Ne4 d5 13. exd6 cxd6 14. Bg5 Bg4 15. Bxe7 Nxe7 16. Qxd6 Bxf3 17. gxf3 Ng6 18. Rad1 Nc4 19. Qg3 Qb6 20. Nd6 Nxd6 21. Rxd6 Qc5 22. Red1 Kh8 23. Rd7 Qf5 24. R1d5 Qb1+ 25. Kg2 Qxb2 26. Rf5 Rad8 27. Rxd8 Rxd8 28. Rxf7 a5 29. Rf5 Qd4 30. Rf7 a4 31. Bc2 Nf8 32. Rf4 Qd6 33. Be4 Ne6 34. Rh4 Qxg3+ 35. hxg3 h6 36. Rh5 Nd4 37. Rc5 a3 38. Rc7 Rb8 39. Rd7 Ne6 40. Ra7 b4 41. Bd5 Nd4 42. Bc4 g5 43. Bd5 Nb5 44. Rd7 Nc3 45. Bb3 Rb6 46. Kf1 h5 47. Kg2 Nxa2 48. Bxa2 b3 49. Bxb3 Rxb3 50. Ra7 h4 51. gxh4 gxh4 52. Ra4 h3+ 53. Kxh3 Rxf3+ 54. Kg2 Rb3 55. Kf1 Kg8 56. Ke2 Rb2+ 57. Ke3 a2 58. f4 Kf7 59. Kd3 Kf6 60. Kc3 Rf2 61. Kb3 1/2-1/2